Zmení nové nariadenie o obaloch pohľad na definovanie obalu?
Nariadenie o obaloch a odpade z obalov prináša revolúciu v obalovom priemysle. Jeho uplatňovanie je síce naplánované až od polovice budúceho roka, ale na zmeny, ktoré prináša, sa treba vopred pripraviť. Medzi takéto zmeny patrí aj samotné určenie pôsobnosti nariadenia, a teda zadefinovanie si, na kt...
Gespeichert in:
| 1. Verfasser: | |
|---|---|
| Format: | Buchkapitel |
| Sprache: | Slowakisch |
| Schlagworte: | |
| Tags: |
Keine Tags, Fügen Sie das erste Tag hinzu!
|
MARC
| LEADER | 00000naa a2200000 4500 | ||
|---|---|---|---|
| 001 | 0310838 | ||
| 005 | 20250619085947.9 | ||
| 041 | 0 | |a slo | |
| 044 | |a SK | ||
| 245 | 1 | 0 | |a Zmení nové nariadenie o obaloch pohľad na definovanie obalu? |c Alexandra Grgulová |
| 520 | |a Nariadenie o obaloch a odpade z obalov prináša revolúciu v obalovom priemysle. Jeho uplatňovanie je síce naplánované až od polovice budúceho roka, ale na zmeny, ktoré prináša, sa treba vopred pripraviť. Medzi takéto zmeny patrí aj samotné určenie pôsobnosti nariadenia, a teda zadefinovanie si, na ktoré výrobky sa vzťahovať nebude a na ktoré áno, keďže následne na tieto obaly nadväzujú dodatočné povinnosti, týkajúce sa hlavne dizajnu obalu, ale aj označovania. Samotný pojem obal. | ||
| 610 | 2 | 0 | |a obaly |
| 610 | 2 | 0 | |a právo |
| 610 | 2 | 0 | |a legislatíva |
| 610 | 2 | 0 | |a zákony |
| 610 | 2 | 0 | |a definície |
| 610 | 2 | 0 | |a odpad |
| 610 | 2 | 0 | |a odpadky |
| 100 | 1 | |a Grgulová, Alexandra | |